Normal view
MARC view
Entry Topical Term
001 - CONTROL NUMBER
- control field: 1712
003 - CONTROL NUMBER IDENTIFIER
- control field: OSt
005 - DATE AND TIME OF LATEST TRANSACTION
- control field: 20150711130521.0
008 - FIXED-LENGTH DATA ELEMENTS
- fixed length control field: 150711|| aca||aabn | a|a d
040 ## - CATALOGING SOURCE
- Original cataloging agency: OSt
- Transcribing agency: OSt
150 ## - HEADING--TOPICAL TERM
- Topical term or geographic name entry element: चिल्डन्र बुक्स
670 ## - SOURCE DATA FOUND
- Source citation: Work cat.: (OSt): 102/2 श्रीवास्तव, सिगरून 1711, India's Young Heroes/आओ नाटक खेलें, 1983









